000 00296nam a2200109Ia 4500
008 180205s9999 xx 000 0 und d
020 _a619267976
100 _aCarey, Patrick
245 _cCanovatchel, Frank
_aJava script /
260 _aUSA
_bThomson course technology
_c2006
300 _a599 pages
999 _c354670
_d354670